000 00961nam a2200241 a 4500
001 BRCA_5455
005 20190320205103.0
008 221210s1950----nyua###f##---#000-0#eng-#
041 _aeng
044 _anyu
084 _aNK1125
_b.A68 1950
245 1 0 _aThe Antiques Book
_bOutstanding, Authoritative Articles on Ceramics, Forniture, Glass, Silver, Pewter, Architecture, Prints and other collecting interests
_cedited by Alice Winchester.
260 _aNueva York
_bBonanza Books
_c1950
300 _a319 p.
_bil
_c29 cm.
500 _aDonación Dr. Héctor Rivero Borrell Vázquez
500 _aÉsta edición se encuentra en el Área de Investigación
500 _aLa biblioteca cuenta con un 2do. ejemplar perteneciente al Fondo General Franz Mayer (P139)
650 1 4 _aArte
_xColeccionistas y colecciones
_97445
650 1 4 _aArtes aplicadas
_xAntigüedades
_913936
700 1 _aWinchester, Alice
_eEditora
_913937
902 _aDHR
942 _2lcc
_cB
999 _c5149
_d5149